Multi-wavelength brillouin fiber laser using of photonic crystal fiber as a gain medium /
Saved in:
| 主要作者: | |
|---|---|
| 格式: | Thesis 圖書 |
| 語言: | English |
| 出版: |
2009.
|
| 主題: | |
| 標簽: |
添加標簽
沒有標簽, 成為第一個標記此記錄!
|
| LEADER | 01122cam a2200289 a 4500 | ||
|---|---|---|---|
| 001 | u804533 | ||
| 003 | SIRSI | ||
| 005 | 201012231205 | ||
| 008 | 101223s2009 my a t 000 0 eng m | ||
| 040 | |a UMM |d UMJ | ||
| 090 | |a TK7 |b UM 2009 Nors | ||
| 097 | |a TK7 |b UM 2009 Nors | ||
| 100 | 0 | |a Norazlina Saidin. | |
| 245 | 1 | 0 | |a Multi-wavelength brillouin fiber laser using of photonic crystal fiber as a gain medium / |c Norazlina Saidin. |
| 260 | |c 2009. | ||
| 300 | |a v, 60 leaves : |b ill. ; |c 30 cm. | ||
| 502 | |a Dissertation (M.Eng.) -- Jabatan Kejuruteraan Elektrik, Fakulti Kejuruteraan, Universiti Malaya, 2010. | ||
| 504 | |a Bibliography: leaves 54-60. | ||
| 650 | 0 | |a Wavelength division multiplexing. | |
| 650 | 0 | |a Brillouin scattering. | |
| 650 | 0 | |a Photonic crystals. | |
| 650 | 0 | |a Crystal optics. | |
| 710 | 2 | 0 | |a Universiti Malaya. |b Jabatan Kejuruteraan Elektrik. |
| 900 | |a SMS | ||
| 596 | |a 1 7 | ||
| 999 | |a TK7 UM 2009 NORS |w LC |c 1 |i A514334170 |d 19/10/2011 |e 19/10/2011 |f 10/3/2011 |g 1 |l STACKS |m P01UTAMA |n 1 |r Y |s Y |t TESIS |u 9/3/2011 | ||
| 999 | |a TK7 UM 2009 NORS |w LC |c 1 |i A510821337 |l STACKS |m P07JURUTER |r Y |s Y |t TESIS |u 10/6/2011 | ||
